000
00347nam a2200133 a 4500
005
20140414132102.0
008
100722s19uu xx 00 eng d
050
_a
ER
_b
Ea11 2008
100
_a
Davies, Gill
245
_a
Early Readers :
_b
Three playtime stories.
260
_a
England :
_b
Brown Watson,
_c
2008.
300
_a
29 p.
999
_c
114493
_d
114493